000
00241nam a2200097Ia 4500
008
240331s9999 xx 000 0 und d
082
_b
GAR
100
_a
Garber, M
245
0
_a
Vested interests :
_b
cross-dressing and cultual anxiety
942
_c
L
999
_c
2169
_d
2169